International marketing strategy

保存先:
書誌詳細
第一著者: Bradley, Frank
フォーマット: 図書
言語:Undetermined
出版事項: Harlow, England Prentice-Hall 2005
主題:
タグ: タグ追加
タグなし, このレコードへの初めてのタグを付けませんか!
Thư viện lưu trữ: Trung tâm Học liệu Trường Đại học Cần Thơ
LEADER 00490nam a2200193Ia 4500
001 CTU_104980
008 210402s9999 xx 000 0 und d
020 |c 69.99 
082 |a 658.8 
082 |b B811 
100 |a Bradley, Frank 
245 0 |a International marketing strategy 
245 0 |c Frank Bradley 
260 |a Harlow, England 
260 |b Prentice-Hall 
260 |c 2005 
650 |a Marketing 
904 |i Minh 
980 |a Trung tâm Học liệu Trường Đại học Cần Thơ